00374nam a2200121Ia 4500008004100000082002100041100002300062245004100085260003800126365000600164630004100170730004100211100415s9999 xx 000 0 und d b13109a574.50723 aWilliams, Georeth aTechniques And Field Work In Ecology aLONDONc1987bCOLLINS EDUCATIONAL b0 aTechniques And Field Work In Ecology aTechniques And Field Work In Ecology